Modèles de voiture par marque - Statistiques

Statistiques générales
  • Ce quiz a été pris 1 907 fois
  • Le résultat moyen est 86 sur 128
Statistiques - réponses
Question Tuile Select % Correct
Renault S4 Non
98%
Renault Veyron Non
98%
Renault C3 Non
95%
Renault Duster Non
95%
Renault Sandero Non
95%
Renault Clio Oui
94%
Renault Mégane Oui
94%
Renault 205 Non
93%
Renault Scénic Oui
91%
Fiat 911 GT3 RS Non
85%
Fiat 918 Spyder Non
85%
Fiat C63 AMG Non
85%
Fiat SQ3 Non
85%
Peugeot 911 Non
83%
Peugeot A110S Non
83%
Volkswagen Aventador Non
83%
Fiat Stratos Non
83%
Peugeot Yaris Non
83%
Peugeot 3008 Oui
82%
Renault Berlingo Non
82%
Volkswagen Cooper Non
82%
Volkswagen Focus Non
82%
Peugeot Logan Non
82%
Renault Partner Non
82%
Volkswagen Xsara Non
82%
Peugeot 2008 Oui
81%
Peugeot 206 Oui
81%
McLaren Chiron Non
81%
Volkswagen Countryman Non
81%
Volkswagen Ibiza Non
81%
Volkswagen Panda Non
81%
Peugeot Xantia Non
81%
Peugeot Zoe Non
81%
McLaren 488 Pista Non
80%
McLaren DB9 Non
80%
Peugeot Espace Non
80%
Volkswagen Golf Oui
80%
Volkswagen Mondeo Non
80%
Renault Trafic Oui
80%
Fiat Utopia Non
80%
McLaren 405 Non
79%
Ferrari Dokker Non
79%
McLaren E-Type Non
79%
McLaren Griffith Non
79%
McLaren Huayra Non
79%
Volkswagen Polo Oui
79%
Fiat Punto Oui
79%
Ferrari DB5 Non
78%
Fiat Giulietta Non
78%
Ferrari Jesko Non
78%
McLaren Virage Non
78%
Ferrari Zonda Non
78%
Peugeot Kangoo Non
77%
Ferrari La Voiture Noire Non
77%
Peugeot Nemo Non
77%
Peugeot 500 Non
76%
Fiat Fulvia Non
75%
Fiat Multipla Oui
75%
Aston Martin R.S.01 Non
75%
Renault Talisman Oui
75%
Chevrolet Arkana Non
74%
Ferrari LaFerrari Oui
74%
Ferrari Murcielago Non
74%
Aston Martin Elise Non
73%
Ferrari Revuelta Non
73%
Chevrolet Sixteen Non
73%
Volkswagen Tiguan Oui
73%
Fiat 500x Oui
72%
Aston Martin E-Pace Non
72%
Aston Martin Evora Non
72%
Ferrari 458 Oui
70%
Volkswagen Touareg Oui
70%
Chevrolet CTS-V Non
69%
McLaren P1 Oui
69%
Aston Martin Seven Non
69%
Aston Martin XJ220 Non
69%
Renault 4L Oui
68%
Ferrari 812 Superfast Oui
68%
Aston Martin F-Type Non
68%
Volkswagen Passat Oui
68%
McLaren Senna Oui
68%
Chevrolet Seville Non
68%
Ferrari Quadrifoglio Non
67%
Chevrolet Camaro Oui
66%
Chevrolet Charger Non
66%
Aston Martin V12 Vantage Oui
66%
Chevrolet Viper Non
66%
Renault Austral Oui
64%
Aston Martin DB7 Oui
64%
Chevrolet Challenger Non
63%
Volkswagen Coccinelle Oui
63%
Ferrari 250 GTO Oui
62%
Renault 5 Oui
62%
Aston Martin Valkyrie Oui
62%
Ferrari 599 GTO Oui
60%
McLaren 675LT Oui
60%
Aston Martin D8 Non
60%
Volkswagen Scirocco Oui
60%
Chevrolet Escalade Non
59%
McLaren F1 Oui
59%
Chevrolet Corvette Oui
57%
Ferrari F12tdf Oui
57%
Peugeot Partner Oui
55%
Fiat Topolino Oui
53%
Ferrari Portofino Oui
52%
Ferrari FXX Oui
51%
Fiat 600 Oui
50%
McLaren MP4-12C Oui
49%
Aston Martin Vulcan Oui
48%
Peugeot Expert Oui
46%
Peugeot RCZ Oui
42%
Fiat Ducato Oui
40%
Volkswagen Arteon Oui
39%
Fiat Doblo Oui
39%
Aston Martin One-77 Oui
39%
Chevrolet Impala Oui
38%
McLaren Artura Oui
33%
McLaren W1 Oui
28%
Aston Martin Cygnet Oui
23%
Chevrolet El Camino Oui
22%
Chevrolet Silverado Oui
22%
Fiat Barchetta Oui
21%
Aston Martin Zagato Oui
20%
Chevrolet Suburban Oui
16%
Aston Martin Lagonda Oui
15%
McLaren Solus Oui
12%
Chevrolet Tahoe Oui
12%
Chevrolet Captiva Oui
10%
Aucun quiz correspondant
Distribution des résultats
% des personnes avec chaque résultat
Percentile par nombre de réponses
Votre historique - résultats
Vous n’avez pas pris ce quiz